Music Quiz

Random Music or Artist Quiz

Grammy Nominees (2010) Quiz Stats

Quiz Updated Feb 8, 2013

Challenge
Share
Tweet
Embed
Score 0/90 Timer 15:00
2 Plays Today
Category Artist name % Correct
Album of the YearLady Gaga
91.9%
Best Female Pop VocalLady Gaga
91.9%
Best Dance RecordingLady Gaga
91.9%
Record of the YearEminem featuring Rihanna
91.8%
Album of the YearKaty Perry
89.1%
Best Female Pop VocalKaty Perry
89.1%
Record of the YearJay-Z & Alicia Keys
85.8%
Album of the YearEminem
83.4%
Best Rap- SoloEminem
83.4%
Best New ArtistJustin Bieber
77.4%
Best Female Pop VocalBeyoncé
76.9%
Record of the YearB.O.B. featuring Bruno Mars
76.7%
Record of the YearCee Lo Green
75.5%
Best Male Pop VocalBruno Mars
71.2%
Best Dance RecordingRihanna
70.4%
Best Pop Vocal - Duo or GroupTrain
70.1%
Best Pop Vocal - Duo or GroupGlee Cast
68%
Record of the YearLady Antebellum
66.5%
Album of the YearLady Antebellum
66.5%
Best Country - Duo or GroupLady Antebellum
66.5%
Best Male Pop VocalMichael Bublé
55.9%
Best New ArtistDrake
50.3%
Best Rap- SoloDrake
50.3%
Best Male Pop VocalAdam Lambert
48%
Best New ArtistFlorence & the Machine
45.4%
Best Pop Vocal - Duo or GroupParamore
42.4%
Best Female - CountryMiranda Lambert
38.9%
Best New ArtistMumford & Sons
38.8%
Best Male Pop VocalMichael Jackson
38.7%
Best Rap- SoloKanye West
34.5%
Category Artist name % Correct
Album of the YearArcade Fire
33.4%
Best Rock - Duo or GroupArcade Fire
33.4%
Best Alternative Music AlbumArcade Fire
33.4%
Best Pop Vocal - Duo or GroupMaroon 5
32.9%
Best Female - CountryCarrie Underwood
32.1%
Best Male Pop VocalJohn Mayer
32%
Best Rock - SoloJohn Mayer
32%
Best Male R&BUsher
29.1%
Best Female Pop VocalSara Bareilles
24.9%
Best Rock - Duo or GroupMuse
23.2%
Best Rock - Duo or GroupKings of Leon
19.9%
Best Rap- SoloLudacris
19%
Best Rock - Duo or GroupThe Black Keys
18.3%
Best Alternative Music AlbumThe Black Keys
18.3%
Best Rap- SoloT.I.
16%
Best Male - CountryKeith Urban
15.7%
Best Alternative Music AlbumVampire Weekend
14.7%
Best Male - CountryToby Keith
13%
Best Dance RecordingLa Roux
12.8%
Best Country - Duo or GroupZac Brown Band
10.9%
Best Alternative Music AlbumBroken Bells
10%
Best Female Pop VocalNorah Jones
9.6%
Best New ArtistEsperanza Spalding
9.4%
Best Dance RecordingRobyn
8.3%
Best Country - Duo or GroupLittle Big Town
7.9%
Best Rock - SoloPaul McCartney
7.5%
Best Rock - SoloNeil Young
7%
Best Hard RockOzzy Osbourne
7%
Best Male - CountryChris Young
6.9%
Best Rock - SoloEric Clapton
5.8%
Category Artist name % Correct
Best Pop Vocal - Duo or GroupSade
5.5%
Best Rock - Duo or GroupJeff Beck and Joss Stone
5%
Best Female - CountryLeAnn Rimes
5%
Best MetalSlayer
5%
Best Male - CountryJamey Johnson
4.7%
Best Hard RockThem Crooked Vultures
4.6%
Best Alternative Music AlbumBand of Horses
4.5%
Best Female - CountryGretchen Wilson
4.3%
Best MetalIron Maiden
3.9%
Best MetalMegadeth
3.8%
Best Female R&BFantasia
3.7%
Best MetalKorn
3.7%
Best Female - CountryJewel
3.5%
Best Hard RockSoundgarden
3.5%
Best Rock - SoloRobert Plant
3.1%
Best Hard RockAlice In Chains
3%
Best Female R&BMonica
2.9%
Best Female R&BJazmine Sullivan
2.5%
Best Hard RockStone Temple Pilots
2.4%
Best MetalLamb of God
2.2%
Best Female R&BFaith Evans
2.2%
Best Dance RecordingGoldfrapp
2.1%
Best Male R&BJaheim
1.7%
Best Male R&BKem
1.6%
Best Male - CountryDavid Nail
1.5%
Best Male R&BEl DeBarge
1.4%
Best Female R&BKelly Price
1.3%
Best Male R&BMusiq Soulchild
1.1%
Best Country - Duo or GroupThe SteelDrivers
1%
Best Country - Duo or GroupDailey & Vincent
0.8%

You're not logged in!

Compare scores with friends on all Sporcle quizzes.
Join for Free
OR
Log In

You Might Also Like...

Show Comments

Extras

Top Quizzes Today


Score Distribution

Your Account Isn't Verified!

In order to create a playlist on Sporcle, you need to verify the email address you used during registration. Go to your Sporcle Settings to finish the process.

Report this User

Report this user for behavior that violates our Community Guidelines.

Details: